Entrepreneurship development (Record no. 208308)

MARC details
000 -LEADER
fixed length control field 00477nam a2200169Ia 4500
008 - FIXED-LENGTH DATA ELEMENTS--GENERAL INFORMATION
fixed length control field 231221s9999 xx 000 0 und d
020 ## - INTERNATIONAL STANDARD BOOK NUMBER
International Standard Book Number 81-224-1434-6
041 ## - LANGUAGE CODE
Language code of text/sound track or separate title English
082 ## - DEWEY DECIMAL CLASSIFICATION NUMBER
Classification number 658.42 ANI:1 R
100 ## - MAIN ENTRY--PERSONAL NAME
Personal name Anil Kumar, S. Poornima, S C. Abraham, Mini K etc.
245 #0 - TITLE STATEMENT
Title Entrepreneurship development
250 ## - EDITION STATEMENT
Edition statement 1st ed.
260 ## - PUBLICATION, DISTRIBUTION, ETC.
Date of publication, distribution, etc. 2003
Name of publisher, distributor, etc. New Age International
Place of publication, distribution, etc. New Delhi
300 ## - PHYSICAL DESCRIPTION
Extent xii+283
650 ## - SUBJECT ADDED ENTRY--TOPICAL TERM
Topical term or geographic name entry element Entrepreneurship,development
942 ## - ADDED ENTRY ELEMENTS (KOHA)
Koha item type Hotel Management Library
Holdings
Date last seen Total checkouts Full call number Accession number Cost, total (INR) price Price effective from Category Lost status Damaged status Department Withdrawn status Home library Current library Shelving location Entry date Vendor Cost, normal purchase price Grants Billnumber Billdate Currency symbol Conversion rate Discount Old discount
26/01/2024   658.42 ANI:1 R HM1045 148.00 26/01/2024 Hotel Management Library     HEM   Central Library Central Library HM   College Book House 185.00 HM A-598 13/07/2009 RS 1 37 20
26/01/2024   658.42 ANI:2 R1 HM1046 148.00 26/01/2024 Hotel Management Library     HEM   Central Library Central Library HM   College Book House 185.00 HM A-598 29/06/2010 RS 1 37 20

© For any Suggestions or Query, please contact the library staff @ librarian@pes.edu or Phone: +9180 2672 1983/ 2108.